Statistics for 10 Longest Rivers in the United States

Click here to take the quiz!

General Stats

  • This quiz has been taken 21,319 times
  • The average score is 6 of 10

Answer Stats

LengthRiver% Correct
2,202 miMississippi
100%
(2,341 mi)Missouri
87%
1,450 miColorado
84%
1,759 miRio Grande
70%
(979 mi)Ohio
67%
(1,443 mi)Arkansas
41%
1,243 miColumbia
41%
(1,040 mi)Snake
37%
(1,125 mi)Red
36%
1,979 miYukon
27%

Score Distribution

Percentile by Number Answered

Percent of People with Each Score

Your Score History

You have not taken this quiz